<?xml version="1.0" encoding="UTF-8"?>
<record
    xmlns:xsi="http://www.w3.org/2001/XMLSchema-instance"
    xsi:schemaLocation="http://www.loc.gov/MARC21/slim http://www.loc.gov/standards/marcxml/schema/MARC21slim.xsd"
    xmlns="http://www.loc.gov/MARC21/slim">

  <leader>02647nam2a2200301   4500</leader>
  <controlfield tag="001">rc\2939239</controlfield>
  <controlfield tag="005">20260315055627.0</controlfield>
  <datafield tag="035" ind1=" " ind2=" ">
    <subfield code="a">(NLR Aleph) 007088139</subfield>
  </datafield>
  <datafield tag="090" ind1=" " ind2=" ">
    <subfield code="a">13599151</subfield>
    <subfield code="c">13599151</subfield>
  </datafield>
  <datafield tag="100" ind1=" " ind2=" ">
    <subfield code="a">20110824d1938    u  y0rusy50      ca</subfield>
  </datafield>
  <datafield tag="101" ind1="0" ind2=" ">
    <subfield code="a">rus</subfield>
  </datafield>
  <datafield tag="102" ind1=" " ind2=" ">
    <subfield code="a">RU</subfield>
  </datafield>
  <datafield tag="105" ind1=" " ind2=" ">
    <subfield code="a">ab  z   |||||</subfield>
  </datafield>
  <datafield tag="200" ind1="1" ind2=" ">
    <subfield code="a">&#x41A;&#x440;&#x430;&#x442;&#x43A;&#x438;&#x439; &#x43E;&#x447;&#x435;&#x440;&#x43A; &#x43E;&#x440;&#x43E;&#x433;&#x440;&#x430;&#x444;&#x438;&#x438;, &#x442;&#x435;&#x43A;&#x442;&#x43E;&#x43D;&#x438;&#x43A;&#x438;, &#x441;&#x442;&#x440;&#x430;&#x442;&#x438;&#x433;&#x440;&#x430;&#x444;&#x438;&#x438; &#x414;&#x412;&#x41A; &#x438; &#x441;&#x432;&#x44F;&#x437;&#x438; &#x441; &#x43D;&#x438;&#x43C;&#x438; &#x43F;&#x43E;&#x43B;&#x435;&#x437;&#x43D;&#x44B;&#x445; &#x438;&#x441;&#x43A;&#x43E;&#x43F;&#x430;&#x435;&#x43C;&#x44B;&#x445;</subfield>
  </datafield>
  <datafield tag="210" ind1=" " ind2=" ">
    <subfield code="d">1938</subfield>
  </datafield>
  <datafield tag="215" ind1=" " ind2=" ">
    <subfield code="a">104 &#x441;.</subfield>
    <subfield code="c">&#x438;&#x43B;., &#x442;&#x430;&#x431;&#x43B;., &#x43A;&#x430;&#x440;&#x442;.</subfield>
  </datafield>
  <datafield tag="320" ind1=" " ind2=" ">
    <subfield code="a">&#x411;&#x438;&#x431;&#x43B;&#x438;&#x43E;&#x433;&#x440;.: &#x441;. 103-104</subfield>
  </datafield>
  <datafield tag="423" ind1=" " ind2="0">
    <subfield code="1">2001#$a&#x41C;&#x430;&#x442;&#x435;&#x440;&#x438;&#x430;&#x43B;&#x44B; &#x43F;&#x43E; &#x441;&#x442;&#x440;&#x430;&#x442;&#x438;&#x433;&#x440;&#x430;&#x444;&#x438;&#x438; &#x43C;&#x435;&#x437;&#x43E;&#x437;&#x43E;&#x44F; &#x414;&#x412;&#x41A; (&#x412;&#x435;&#x440;&#x445;&#x43D;&#x438;&#x439; &#x410;&#x43C;&#x443;&#x440;, &#x422;&#x44B;&#x440;&#x43C;&#x430;, &#x411;&#x443;&#x440;&#x435;&#x44F;)</subfield>
    <subfield code="1">700#1$a&#x428;&#x442;&#x435;&#x43C;&#x43F;&#x435;&#x43B;&#x44C;$b&#x411;.&#x41C;.$4070</subfield>
    <subfield code="t">&#x41C;&#x430;&#x442;&#x435;&#x440;&#x438;&#x430;&#x43B;&#x44B; &#x43F;&#x43E; &#x441;&#x442;&#x440;&#x430;&#x442;&#x438;&#x433;&#x440;&#x430;&#x444;&#x438;&#x438; &#x43C;&#x435;&#x437;&#x43E;&#x437;&#x43E;&#x44F; &#x414;&#x412;&#x41A; (&#x412;&#x435;&#x440;&#x445;&#x43D;&#x438;&#x439; &#x410;&#x43C;&#x443;&#x440;, &#x422;&#x44B;&#x440;&#x43C;&#x430;, &#x411;&#x443;&#x440;&#x435;&#x44F;)</subfield>
    <subfield code="a">&#x428;&#x442;&#x435;&#x43C;&#x43F;&#x435;&#x43B;&#x44C;, &#x411;.&#x41C;.</subfield>
  </datafield>
  <datafield tag="423" ind1=" " ind2="0">
    <subfield code="1">2001#$a&#x41A; &#x43F;&#x435;&#x442;&#x440;&#x43E;&#x433;&#x440;&#x430;&#x444;&#x438;&#x447;&#x435;&#x441;&#x43A;&#x43E;&#x439; &#x445;&#x430;&#x440;&#x430;&#x43A;&#x442;&#x435;&#x440;&#x438;&#x441;&#x442;&#x438;&#x43A;&#x435; &#x443;&#x433;&#x43B;&#x435;&#x439; &#x414;&#x435;&#x43F;-&#x41D;&#x43E;&#x432;&#x43E;&#x44F;&#x43C;&#x43F;&#x43E;&#x43B;&#x44C;&#x441;&#x43A;&#x43E;&#x433;&#x43E; &#x43C;&#x435;&#x441;&#x442;&#x43E;&#x440;&#x43E;&#x436;&#x434;&#x435;&#x43D;&#x438;&#x44F;</subfield>
    <subfield code="1">700#1$a&#x41C;&#x430;&#x440;&#x43A;&#x43E;&#x432;&#x430;$b&#x41B;.&#x41D;.$4070</subfield>
    <subfield code="t">&#x41A; &#x43F;&#x435;&#x442;&#x440;&#x43E;&#x433;&#x440;&#x430;&#x444;&#x438;&#x447;&#x435;&#x441;&#x43A;&#x43E;&#x439; &#x445;&#x430;&#x440;&#x430;&#x43A;&#x442;&#x435;&#x440;&#x438;&#x441;&#x442;&#x438;&#x43A;&#x435; &#x443;&#x433;&#x43B;&#x435;&#x439; &#x414;&#x435;&#x43F;-&#x41D;&#x43E;&#x432;&#x43E;&#x44F;&#x43C;&#x43F;&#x43E;&#x43B;&#x44C;&#x441;&#x43A;&#x43E;&#x433;&#x43E; &#x43C;&#x435;&#x441;&#x442;&#x43E;&#x440;&#x43E;&#x436;&#x434;&#x435;&#x43D;&#x438;&#x44F;</subfield>
    <subfield code="a">&#x41C;&#x430;&#x440;&#x43A;&#x43E;&#x432;&#x430;, &#x41B;.&#x41D;.</subfield>
  </datafield>
  <datafield tag="423" ind1=" " ind2="0">
    <subfield code="1">2001#$a&#x41A; &#x433;&#x435;&#x43E;&#x43B;&#x43E;&#x433;&#x438;&#x438; &#x438; &#x43F;&#x435;&#x442;&#x440;&#x43E;&#x43B;&#x43E;&#x433;&#x438;&#x438; &#x43A;&#x440;&#x438;&#x441;&#x442;&#x430;&#x43B;&#x43B;&#x438;&#x447;&#x435;&#x441;&#x43A;&#x43E;&#x433;&#x43E; &#x43A;&#x43E;&#x43C;&#x43F;&#x43B;&#x435;&#x43A;&#x441;&#x430; &#x412;&#x435;&#x440;&#x445;&#x43D;&#x435;&#x433;&#x43E; &#x410;&#x43C;&#x443;&#x440;&#x430;</subfield>
    <subfield code="1">700#1$a&#x411;&#x435;&#x440;&#x43D;&#x448;&#x442;&#x435;&#x439;&#x43D;$b&#x41F;. &#x421;.$c&#x433;&#x435;&#x43E;&#x43B;&#x43E;&#x433;$f1905-$g&#x41F;&#x430;&#x432;&#x435;&#x43B; &#x421;&#x430;&#x43C;&#x43E;&#x439;&#x43B;&#x43E;&#x432;&#x438;&#x447;$3RU\NLR\AUTH\770212853$4070</subfield>
    <subfield code="1">701#1$a&#x41B;&#x435;&#x43E;&#x43D;&#x442;&#x43E;&#x432;&#x438;&#x447;$b&#x410;.&#x410;.$4070</subfield>
    <subfield code="t">&#x41A; &#x433;&#x435;&#x43E;&#x43B;&#x43E;&#x433;&#x438;&#x438; &#x438; &#x43F;&#x435;&#x442;&#x440;&#x43E;&#x43B;&#x43E;&#x433;&#x438;&#x438; &#x43A;&#x440;&#x438;&#x441;&#x442;&#x430;&#x43B;&#x43B;&#x438;&#x447;&#x435;&#x441;&#x43A;&#x43E;&#x433;&#x43E; &#x43A;&#x43E;&#x43C;&#x43F;&#x43B;&#x435;&#x43A;&#x441;&#x430; &#x412;&#x435;&#x440;&#x445;&#x43D;&#x435;&#x433;&#x43E; &#x410;&#x43C;&#x443;&#x440;&#x430;</subfield>
    <subfield code="a">&#x411;&#x435;&#x440;&#x43D;&#x448;&#x442;&#x435;&#x439;&#x43D;, &#x41F;&#x430;&#x432;&#x435;&#x43B; &#x421;&#x430;&#x43C;&#x43E;&#x439;&#x43B;&#x43E;&#x432;&#x438;&#x447; (&#x433;&#x435;&#x43E;&#x43B;&#x43E;&#x433; ; 1905-)</subfield>
  </datafield>
  <datafield tag="461" ind1=" " ind2="0">
    <subfield code="1">001rc\2939238</subfield>
    <subfield code="1">2001#$a&#x41C;&#x430;&#x442;&#x435;&#x440;&#x438;&#x430;&#x43B;&#x44B; &#x43F;&#x43E; &#x433;&#x435;&#x43E;&#x43B;&#x43E;&#x433;&#x438;&#x438; &#x414;&#x430;&#x43B;&#x44C;&#x43D;&#x435;&#x432;&#x43E;&#x441;&#x442;&#x43E;&#x447;&#x43D;&#x43E;&#x433;&#x43E; &#x43A;&#x440;&#x430;&#x44F;$e&#x412;&#x44B;&#x43F;. 1-$f&#x420;&#x435;&#x434;. &#x43A;&#x43E;&#x43B;&#x43B;&#x435;&#x433;&#x438;&#x44F;: &#x413;.&#x41F;. &#x412;&#x43E;&#x43B;&#x430;&#x440;&#x43E;&#x432;&#x438;&#x447;, (&#x43E;&#x442;&#x432;. &#x440;&#x435;&#x434;.), &#x41C;.&#x41D;. &#x418;&#x432;&#x430;&#x43D;&#x442;&#x438;&#x448;&#x438;&#x43D;, &#x410;.&#x422;. &#x421;&#x443;&#x441;&#x43B;&#x43E;&#x432;, &#x412;.&#x41F;. &#x422;&#x435;&#x431;&#x435;&#x43D;&#x44C;&#x43A;&#x43E;&#x432;$g&#x414;&#x430;&#x43B;&#x44C;&#x43D;&#x435;&#x432;&#x43E;&#x441;&#x442;. &#x444;&#x438;&#x43B;&#x438;&#x430;&#x43B;. &#x410;&#x43A;&#x430;&#x434;. &#x43D;&#x430;&#x443;&#x43A; &#x421;&#x421;&#x421;&#x420;$v&#x412;&#x44B;&#x43F;. 1</subfield>
    <subfield code="9">6545976</subfield>
    <subfield code="c">&#x412;&#x43B;&#x430;&#x434;&#x438;&#x432;&#x43E;&#x441;&#x442;&#x43E;&#x43A;</subfield>
    <subfield code="d">1938-1939</subfield>
    <subfield code="f">&#x420;&#x435;&#x434;. &#x43A;&#x43E;&#x43B;&#x43B;&#x435;&#x433;&#x438;&#x44F;: &#x413;.&#x41F;. &#x412;&#x43E;&#x43B;&#x430;&#x440;&#x43E;&#x432;&#x438;&#x447;, (&#x43E;&#x442;&#x432;. &#x440;&#x435;&#x434;.), &#x41C;.&#x41D;. &#x418;&#x432;&#x430;&#x43D;&#x442;&#x438;&#x448;&#x438;&#x43D;, &#x410;.&#x422;. &#x421;&#x443;&#x441;&#x43B;&#x43E;&#x432;, &#x412;.&#x41F;. &#x422;&#x435;&#x431;&#x435;&#x43D;&#x44C;&#x43A;&#x43E;&#x432;</subfield>
    <subfield code="n">&#x411;. &#x438;.</subfield>
    <subfield code="o">&#x412;&#x44B;&#x43F;. 1-</subfield>
    <subfield code="t">&#x41C;&#x430;&#x442;&#x435;&#x440;&#x438;&#x430;&#x43B;&#x44B; &#x43F;&#x43E; &#x433;&#x435;&#x43E;&#x43B;&#x43E;&#x433;&#x438;&#x438; &#x414;&#x430;&#x43B;&#x44C;&#x43D;&#x435;&#x432;&#x43E;&#x441;&#x442;&#x43E;&#x447;&#x43D;&#x43E;&#x433;&#x43E; &#x43A;&#x440;&#x430;&#x44F;</subfield>
    <subfield code="v">&#x412;&#x44B;&#x43F;. 1</subfield>
  </datafield>
  <datafield tag="700" ind1=" " ind2="1">
    <subfield code="a">&#x41A;&#x440;&#x438;&#x448;&#x442;&#x43E;&#x444;&#x43E;&#x432;&#x438;&#x447;</subfield>
    <subfield code="b">&#x410;.&#x41D;.</subfield>
  </datafield>
  <datafield tag="801" ind1=" " ind2="0">
    <subfield code="a">RU</subfield>
    <subfield code="b">NLR</subfield>
    <subfield code="g">psbo</subfield>
  </datafield>
  <datafield tag="801" ind1=" " ind2="1">
    <subfield code="a">RU</subfield>
    <subfield code="b">ELAR</subfield>
    <subfield code="2">rusmarc</subfield>
  </datafield>
  <datafield tag="852" ind1=" " ind2=" ">
    <subfield code="a">NLR</subfield>
    <subfield code="j">38-19/146</subfield>
  </datafield>
  <datafield tag="942" ind1=" " ind2=" ">
    <subfield code="c">UNSPEC</subfield>
  </datafield>
  <datafield tag="980" ind1=" " ind2=" ">
    <subfield code="a">NB</subfield>
  </datafield>
</record>
